MERCANTILE LAW (Record no. 5839)
[ view plain ]
| 000 -LEADER | |
|---|---|
| fixed length control field | 00414nam a22001337a 4500 |
| 008 - FIXED-LENGTH DATA ELEMENTS--GENERAL INFORMATION | |
| fixed length control field | 140126b xxu||||| |||| 00| 0 eng d |
| 082 ## - DEWEY DECIMAL CLASSIFICATION NUMBER | |
| Edition number | 12 ed. |
| Classification number | 346.07 KUC |
| 100 ## - MAIN ENTRY--PERSONAL NAME | |
| Personal name | M C KUCHHAL AND VIVEK KUCHHAL |
| 245 ## - TITLE STATEMENT | |
| Title | MERCANTILE LAW |
| Statement of responsibility, etc | VIVEK KUCHHAL AND M C KUCHHAL |
| 250 ## - EDITION STATEMENT | |
| Edition statement | 8TH ED. |
| 260 ## - PUBLICATION, DISTRIBUTION, ETC. (IMPRINT) | |
| Place of publication, distribution, etc | INDIA |
| Name of publisher, distributor, etc | VISKAS PUBLISHING HOUSE PVT LTD. |
| Date of publication, distribution, etc | 2013 |
| 300 ## - PHYSICAL DESCRIPTION | |
| Extent | xxix,690 P. |
| Other physical details | includes an index. |
| Dimensions | 21cm |
| 942 ## - ADDED ENTRY ELEMENTS (KOHA) | |
| Source of classification or shelving scheme | Dewey Decimal Classification |
| Item type | Books |
| Withdrawn status | Lost status | Source of classification or shelving scheme | Damaged status | Not for loan | Home library | Current library | Shelving location | Date acquired | Total Checkouts | Full call number | Barcode | Date last seen | Price effective from | Koha item type | Public note |
|---|---|---|---|---|---|---|---|---|---|---|---|---|---|---|---|
| Dewey Decimal Classification | Law Development Centre Main Library | Law Development Centre Main Library | Text Books and Laws | 01/26/2014 | 346.07 KUC | 7138/2014 | 01/26/2014 | 01/26/2014 | Books | reserve |
